000
00275pam a2200145 a 4500
020
_c
041
_h
100
_a
Madhav Gadgil
245
_a
A Methodology Manual
260
_c
1996
300
_a
267
653
_a
Methodology
700
_a
R.J.Ranjit
930
_a
1290
999
_c
247143
_d
247143